00350nam a2200133Ia 4500008004100000041001200041082001600053100001900069245007100088250000800159260002500167300000800192650001600200221030s9999 xx 000 0 und d aEnglish a105.23bPre aR. S. Pressman 0aSoftware Engineering : A Practioner`s Approachcby R. S. Pressman a6th bTMHaNew Delhic2005 a912 aBE Computer